000 00325nam a2200133Ia 4500
100 _aBell / david A
942 _cBK
654 _amanual
245 _aLab Manual for operational Amplifiers and Linear Integrated circuits
260 _bPrentice Hall
_c2003
082 _a621.395
_bBEL
300 _a120
546 _aENGLISH
999 _c27376
_d27376